书目信息 |
| 题名: |
秦汉诏书与中央集权研究
|
|
| 作者: | 叶秋菊 著 | |
| 分册: | ||
| 出版信息: | 北京 中国社会科学出版社 2016 |
|
| 页数: | 281页 | |
| 开本: | 24cm | |
| 丛书名: | ||
| 单 册: | ||
| 中图分类: | K232.065 , D691.2 | |
| 科图分类: | ||
| 主题词: | 诏令--zhao ling--研究--中国--秦汉时代 , 政治制度史--zheng zhi zhi du shi--研究--中国--秦汉时代 | |
| 电子资源: | ||
| ISBN: | 978-7-5161-8415-8 | |
| 000 | 00987nam0 22002651 450 | |
| 001 | 0124140149 | |
| 005 | 20170324140149.0 | |
| 010 | @a978-7-5161-8415-8@dCNY68.00 | |
| 100 | @a20161229d2016 em y0chiy50 ea | |
| 101 | 0 | @achi |
| 102 | @aCN@b110000 | |
| 105 | @ay z 000yy | |
| 106 | @ar | |
| 200 | 1 | @a秦汉诏书与中央集权研究@9qin han zhao shu yu zhong yang ji quan yan jiu@f叶秋菊著 |
| 210 | @a北京@c中国社会科学出版社@d2016 | |
| 215 | @a281页@d24cm | |
| 300 | @a教育部人文社会科学青年基金项目“秦汉诏书研究”成果 湖北省社会科学基金项目成果 | |
| 330 | @a本书以秦汉时期的诏书及其与中央集权的关系为研究主题,理清秦汉时期诏书的源流、体式及流程,着重探讨秦汉时期诏书对于加强中央集权的重要作用。 | |
| 606 | 0 | @a诏令@9zhao ling@x研究@y中国@z秦汉时代 |
| 606 | 0 | @a政治制度史@9zheng zhi zhi du shi@x研究@y中国@z秦汉时代 |
| 690 | @aK232.065@v5 | |
| 690 | @aD691.2@v5 | |
| 701 | 0 | @a叶秋菊@9ye qiu ju@4著 |
| 801 | 0 | @aCN@bTANGWEI@c20170308 |
| 905 | @b0961916-8@dK232.065@e55@f3 | |
| 秦汉诏书与中央集权研究/叶秋菊著.-北京:中国社会科学出版社,2016 |
| 281页;24cm |
| 教育部人文社会科学青年基金项目“秦汉诏书研究”成果 湖北省社会科学基金项目成果 |
| ISBN 978-7-5161-8415-8:CNY68.00 |
| 本书以秦汉时期的诏书及其与中央集权的关系为研究主题,理清秦汉时期诏书的源流、体式及流程,着重探讨秦汉时期诏书对于加强中央集权的重要作用。 |
| ● |
| 相关链接 |
|
|
|
|
正题名:秦汉诏书与中央集权研究
索取号:K232.065/55
 
预约/预借
| 序号 | 登录号 | 条形码 | 馆藏地/架位号 | 状态 | 备注 |
| 1 | 0961916 | 209619162 | 第二样本阅览室/ [索取号:K232.065/55] | 在馆 | |
| 2 | 0961917 | 209619171 | 第二借阅区/ [索取号:K232.065/55] | 在馆 | |
| 3 | 0961918 | 209619180 | 第二借阅区/ [索取号:K232.065/55] | 在馆 |